000 00445ntaaa2200181 4500
003 01
005 20251027201253.0
008 0714s1973 ag 01
040 _aAR-BaBN
_bspa
_cAR-BaBN
_eaacr
_dRIC
082 _a220.9300 Y1
100 _aYadin, Yigael
245 _aRollos del Mar Muerto
250 _a1 ed. :
_bEditorial Israel,
_cc/959
300 _a208 p.
500 _a(Ediciones Judías, 54)
650 _aArqueología
_95159
942 _cBK
999 _c7077
_d7077